000 00764nam a2200265 i 4500
001 C2-0294780
003 PPAK
005 20180728030446.0
008 090224s2009 my a|||| ||||| | eng d
020 _a9789675023293
040 _aPPAK
_beng
_cPPAK
_erda
082 0 4 _a823
_223
090 0 0 _a823
_bFAY
_dK
100 1 _aFay, Jacqueline,
_eauthor
245 1 4 _aThe tale of Ivan, the firebird and the grey wolf
264 1 _aPetaling Jaya, Selangor :
_bTulip Publications ,
_c2009
300 _a107 pages :
_billustrations ;
_c21 cm
336 _2rdacontent
_atext
337 _2rdamedia
_aunmediated
338 _2rdacarrier
_avolume
490 1 _aSunshine series
650 1 0 _aChildren's stories, English
830 0 _aSunshine series
942 _ddc
_cB
999 _c99397
_d99397